000 00583nam a2200217Ia 4500
005 20250508161008.0
008 008 250505s9999 xx 000 0 eng d
020 _a0-07084480-1
037 _aTextual
040 _aFEDL
_beng
_cFEDL
041 _aeng
_2eng
084 _a370.7, RAC
_qFEDL
100 _aRackham Neil
_9401408
245 0 _aBehaviour analysis in training
260 _aLondon, UK
_bMcGraw Hill
_c1977
300 _axiv,327p
650 _aEducation
700 _a Morgan Terry
_9769964
942 _cTEXL
_h370.7, RAC
999 _c1367819
_d1367819